Top 10 most dangerous animals in the world Quiz Stats

 Plays Quiz not verified by Sporcle

Also try: Just Pick One: A-Z
Challenge
Share
Tweet
Embed
Score 0/15 Timer 10:00
0 Plays Today
Hint Answer % Correct
14African lion
83.8%
4Hippopotamus
67.6%
13Boomslang
67.6%
2African elephant
66.2%
3Saltwater crocodile
51.4%
6Brazilian wandering spider
51.4%
1Mosquito
50%
15Box jellyfish
44.6%
Hint Answer % Correct
8Leopard
37.8%
11Hyena
25.7%
9Tse tse fly
13.5%
5Blue ringed octopus
10.8%
10Komodo dragon
10.8%
7Carpet viper
8.1%
12Puffer fish
6.8%

You're not logged in!

Compare scores with friends on all Sporcle quizzes.
OR
Log In

You Might Also Like...

Show Comments

Extras

Top Quizzes Today


Score Distribution

Your Account Isn't Verified!

In order to create a playlist on Sporcle, you need to verify the email address you used during registration. Go to your Sporcle Settings to finish the process.

Report this User

Report this user for behavior that violates our Community Guidelines.

Details: